000 00955nam a2200241 i 4500
001 169049
003 ES-MaACL
005 20251016161241.0
008 080805s1953 sp f |||| | spa d
080 _a821.111(73) Faulkner, William 1.09
100 1 _aYnduráin, Francisco,
_d1910-1994
_9117648
245 1 3 _aLa obra de William Faulkner /
_cFrancisco Yndurain.
260 _aMadrid :
_bAteneo,
_c1953.
300 _a33 p. :
_b1 lám. ;
_c19 cm.
490 1 _aColección "O crece o muere" ;
_v47
500 _aEl original fue dado a conocer por el autor en el Ateneo de Madrid, el día 23 de enero de 1953 en un cursillo sobre "Novela norteamericana contemporánea"
600 1 4 _aFaulkner, William,
_d1897-1962
_9242365
610 2 7 _aAteneo de Madrid-
_vConferencias-
_y1940-1982.
_91908
830 0 0 _aColección "O crece o muere"
_v47
_9183476
852 _aES-MaACL
_jJ-24(47)
852 _aES-MaACL
_jJ-25(47)
999 _c169049
_d169049